000
00219nam a2200085Ia 4500
008
120527s9999 xx 000 0 und d
100
_a
TARTAGLIA,Loiuse
245
_a
Veterinary physiology and applied Anatomy.
942
_c
BK
999
_c
23642
_d
23642